Franchising

Gespeichert in:
Bibliographische Detailangaben
1. Verfasser: Pauli, Knut S.
Format: Buch
Sprache:Deutsch
Veröffentlicht: Düsseldorf Econ 1992
Ausgabe:2. Aufl.
Schlagworte:
Tags: Tag hinzufügen
Keine Tags, Fügen Sie das erste Tag hinzu!

MARC

LEADER 00000nam a2200000 4500
001 c003931
005 20221206083140.9
020 |a 3-430-17415-5 
041 0 |a ger 
044 |a DE 
245 1 0 |a Franchising  |c Knut S. Pauli 
250 |a 2. Aufl. 
264 1 |a Düsseldorf  |b Econ  |c 1992 
300 |a 318 s. 
610 2 0 |a franchising 
610 2 0 |a franšíza 
610 2 0 |a Nemecko 
610 2 0 |a financovanie 
610 2 0 |a USA 
610 2 0 |a Švédsko 
610 2 0 |a Francúzsko 
610 2 0 |a Veľká Británia 
610 2 0 |a Taliansko 
610 2 0 |a bilancie 
610 2 0 |a právo obchodné 
610 2 0 |a zmluvy obchodné 
100 1 |a Pauli, Knut S.